Modern vég, posztmodern kezdet - vita és párbeszéd
Elmentve itt :
| Szerző: | |
|---|---|
| Adatforrás: | Philobibl |
| Forrásdokumentuma: | Alföld 41 1990/4., 59-68. p. |
| Dokumentumtípus: | Cikk |
| Nyelv: | magyar |
| LEADER | 00300nab a2200097 c 4500 | ||
|---|---|---|---|
| 001 | bibDOK00003205 | ||
| 005 | 20200924115929.2 | ||
| 008 | 060518s1990 hu hun | ||
| 100 | 1 | |a Balassa Péter | |
| 245 | 1 | 0 | |a Modern vég, posztmodern kezdet - vita és párbeszéd |c Balassa Péter |
| 773 | 0 | |t Alföld 41 |g 1990/4., 59-68. p. | |